Statistics for Dragon Ball - 22nd World Martial Arts Tournament Competitors

Click here to take the quiz!

General Stats

  • This quiz has been taken 170 times
  • The average score is 7 of 11

Answer Stats

ResultFighter% Correct
Runner-UpGoku
98%
Semi-FinalistKrillin
96%
WinnerTien Shinhan
93%
Semi-FinalistJackie Chun
92%
Quarter-FinalistYamcha
84%
Quarter-FinalistChiaotzu
71%
Elimination RoundNam
50%
Quarter-FinalistMan-Wolf
30%
Elimination RoundKing Chappa
29%
Quarter-FinalistPamput
22%
Elimination RoundAnton the Great
6%

Score Distribution

Percentile by Number Answered

Percent of People with Each Score

Your Score History

You have not taken this quiz